| 000 | 00790nam a22002297a 4500 | ||
|---|---|---|---|
| 999 |
_c3384 _d3384 |
||
| 003 | AR-CdUCM | ||
| 008 | 190306b ||||| |||| 00| 0 spa d | ||
| 040 |
_aMUNICIPALIDAD PROVINCIAL DEL CUSCO _cBIBLIOTECA MUNICIPAL DEL CUSCO |
||
| 082 |
_a869.56 / _bV39T |
||
| 100 |
_aVegas Seminario, Francisco _97374 |
||
| 245 | _aTaita Yoveraqué / | ||
| 260 |
_aLima : _bJuan Mejía Baca & P.L. Villanueva, editores, _c1956. |
||
| 300 |
_a241 páginas ; _c21 cm. |
||
| 500 | _a"Ganadora del Concurso Anual de Novela Peruana Juan Mejía Baca, Villanueva, 1956" | ||
| 650 |
_aNarrativa peruana _9226 |
||
| 650 |
_aNovelas históricas - Perú _911190 |
||
| 650 |
_aNovelas - Piura _911191 |
||
| 650 |
_aSiglo XX _98 |
||
| 650 |
_aTayta Yoveraque _911192 |
||
| 942 |
_2ddc _cLIBROS |
||
| 945 | _alccs | ||